IFRS essentials (Record no. 115048)

MARC details
000 -LEADER
fixed length control field 00928cam a22002535a 4500
001 - CONTROL NUMBER
control field L157976
008 - FIXED-LENGTH DATA ELEMENTS--GENERAL INFORMATION
fixed length control field 130918s2013 xxk f 000 0 eng d
020 ## - INTERNATIONAL STANDARD BOOK NUMBER
International Standard Book Number 9781118501375
035 ## - SYSTEM CONTROL NUMBER
System control number (Sirsi) u157976
041 0# - LANGUAGE CODE
Language code of text/sound track or separate title eng
100 1# - MAIN ENTRY--PERSONAL NAME
Personal name Dieter, Christian
245 00 - TITLE STATEMENT
Title IFRS essentials
Medium [electronic resource]
260 ## - PUBLICATION, DISTRIBUTION, ETC.
Place of publication, distribution, etc. Chichester
Name of publisher, distributor, etc. John Wiley & Sons Inc
Date of publication, distribution, etc. 2013
300 ## - PHYSICAL DESCRIPTION
Extent ebook
520 ## - SUMMARY, ETC.
Summary, etc. Explains the essential of International Financial Reporting Standards (IFRS). Provides a detailed explanation of their use along with the International Accounting Standards (IAS). Also gives worked examples.
650 24 - SUBJECT ADDED ENTRY--TOPICAL TERM
Topical term or geographic name entry element EBOOK
651 #4 - SUBJECT ADDED ENTRY--GEOGRAPHIC NAME
Geographic name United Kingdom
Chronological subdivision
690 ## - LOCAL SUBJECT ADDED ENTRY--TOPICAL TERM (OCLC, RLIN)
Topical term or geographic name as entry element Financial and taxation
690 ## - LOCAL SUBJECT ADDED ENTRY--TOPICAL TERM (OCLC, RLIN)
Topical term or geographic name as entry element Investments
9 (RLIN) 6250
690 ## - LOCAL SUBJECT ADDED ENTRY--TOPICAL TERM (OCLC, RLIN)
Topical term or geographic name as entry element Valuation
9 (RLIN) 6273
700 1# - ADDED ENTRY--PERSONAL NAME
Personal name Luedenback, Norbert
856 40 - ELECTRONIC LOCATION AND ACCESS
Uniform Resource Identifier <a href="https://www.vlebooks.com/">https://www.vlebooks.com/</a>
Public note View on VLEbooks. Logins for members only from [email protected]
942 ## - ADDED ENTRY ELEMENTS (KOHA)
Suppress in OPAC 0
Holdings
Withdrawn status Lost status Source of classification or shelving scheme Damaged status Not for loan Home library Current library Shelving location Date acquired Total Checkouts Full call number Barcode Date last seen Copy number Price effective from Koha item type
    Dewey Decimal Classification     Virtual Virtual Online 18/09/2013   ONLINE PUBLICATION 157976-2001 06/08/2019 1 06/08/2019 Book